| 000 | 01204nam2a22002771 4500 | ||
|---|---|---|---|
| 001 | rc\4623489 | ||
| 005 | 20130416195828.7 | ||
| 021 |
_aRU _b[62-79716] |
||
| 035 | _a(NLR Aleph) 008675600 | ||
| 090 |
_a9146824 _c9146824 |
||
| 100 | _a20130416d1962 |||y0rusy50 ca | ||
| 101 | 0 | _arus | |
| 102 | _aRU | ||
| 105 | _aa z ||||| | ||
| 200 | 1 |
_aРадиопередающие и радиоприемные устройства _fВ.Г. Левичев, Я.В. Степук, Б.И. Фогельсон |
|
| 210 | _d1962 | ||
| 215 |
_a495 с. _cил. |
||
| 461 | 0 |
_1001rc\4623486 _12001#$aОсновы радиотехники и радиолокации$f[Общая ред. В.Н. Гаевича]$v[3] _99146807 _cМосква _d1962 _e2-е изд., перераб. _f[Общая ред. В.Н. Гаевича] _nВоениздат _tОсновы радиотехники и радиолокации _v[3] |
|
| 700 | 1 |
_aЛевичев _bВ. Г. _gВладимир Григорьевич |
|
| 701 | 1 |
_aСтепук _bЯ. В. _gЯков Васильевич |
|
| 701 | 1 |
_aФогельсон _bБ. И. |
|
| 801 | 0 |
_aRU _bNLR _gpsbo |
|
| 801 | 1 |
_aRU _bELAR _2rusmarc |
|
| 852 |
_aNLR _j62-5/4652 |
||
| 942 | _cBOOK | ||
| 980 | _aNB | ||